kku e-library facility

lOGISTICS ENGINEERING AND MANAGEMENT: (Record no. 37)

MARC details
000 -LEADER
fixed length control field 00565nam a22001577a 4500
008 - FIXED-LENGTH DATA ELEMENTS--GENERAL INFORMATION
fixed length control field 250210b |||||||| |||| 00| 0 eng d
010 ## - LIBRARY OF CONGRESS CONTROL NUMBER
LC control number 7320254
020 ## - INTERNATIONAL STANDARD BOOK NUMBER
International Standard Book Number 0135400473
100 ## - MAIN ENTRY--PERSONAL NAME
Personal name Blanchard, Benjamin S.
245 ## - TITLE STATEMENT
Title lOGISTICS ENGINEERING AND MANAGEMENT:
Remainder of title Prentice-International series in indutrial and systems Engineering/
Statement of responsibility, etc. Benjamin, Blanchard S.
260 ## - PUBLICATION, DISTRIBUTION, ETC.
Place of publication, distribution, etc. New Jersey;
Name of publisher, distributor, etc. Prentice-Hall Inc. Englewood cliffs.
Date of publication, distribution, etc. 1974.
300 ## - PHYSICAL DESCRIPTION
Extent xvi.,399p.,
Other physical details ills,
Dimensions 23 cm.
500 ## - GENERAL NOTE
Materials specified includes Appendix and index.
942 ## - ADDED ENTRY ELEMENTS (KOHA)
Source of classification or shelving scheme Library of Congress Classification
Call number suffix TA168.B57 2004

No items available.

©2025 All rights reserved. KKU